| 000 | 00430nam a22001697a 4500 | ||
|---|---|---|---|
| 003 | NUST - PNEC | ||
| 005 | 20170116181004.0 | ||
| 008 | 150912b xxu||||| |||| 00| 0 eng d | ||
| 020 | _a- | ||
| 040 | _cLIBRARY | ||
| 082 | _a005.1 DON | ||
| 100 |
_99708 _aDonovan, J J. |
||
| 245 |
_aSystem programming _cJohn J. Donovan |
||
| 260 | _cc.1972 | ||
| 650 |
_916435 _aComputer Programming _xMIS. Computer Science |
||
| 942 |
_2ddc _cBK |
||
| 999 |
_c66826 _d66826 |
||